Ekonomické súvislosti realizácie projektu rodovej rovnosti, plán hospodárskeho a sociálneho rozvoja - gender mainstreaming/budgeting

Bibliographic Details
Main Author: Žák, Štefan, 1971- (Author)
Format: Article
Language:Slovak
ISBN:9788089367016
Subjects:

MARC

LEADER 00000caa a2200000uu 4500
001 vtls011077907
005 20260504110251.0
008 210909|2008 xo |||||||||||||||||slo|
015 |a SNBRA2010/05 
035 |a (urnnbn)urn:nbn:sk:snk:ar-a0cg11 
035 |a (uuid)708b3268-0353-46fd-8a25-b43e333886d1 
035 |a urn:nbn:sk:snk-aavm48 
040 |a SNKBUCL  |b slo  |c SNKBUCL  |e AACR2 
041 0 |a slo 
044 |a xo  |c SK 
080 |a 316.423.6-055.1/.2:332.1:364:331.5:352  |x (437.6)  |2 2001 
080 |a 332.1  |x (437.6)  |2 2001 
080 |a 364  |x (437.6)  |2 2001 
080 |a 331.5  |x (437.6)  |2 2001 
080 |a 352  |x (437.6)  |2 2001 
100 1 |a Žák, Štefan,  |d 1971-  |4 aut  |9 159785 
245 1 0 |a Ekonomické súvislosti realizácie projektu rodovej rovnosti, plán hospodárskeho a sociálneho rozvoja - gender mainstreaming/budgeting  |c Štefan Žák 
610 2 7 |a Iniciatíva Spoločenstva EQUAL  |2 SNKKA  |9 771408 
610 2 7 |a Výskum a tvorba indikátorov rodovej rovnosti ponuky a dopytu na trhu práce v regióne Pezinok - Modra (projekt)  |2 SNKKA  |9 771409 
610 1 7 |a Modra (Slovensko).  |b Mestský úrad  |2 SNKKA  |9 132793 
650 0 7 |a regionálna ekonomika  |2 snkbucl  |9 2349 
650 0 7 |a sociálna sféra  |2 snkbucl  |9 284158 
650 0 7 |a trh práce  |2 snkbucl  |9 2371 
650 0 7 |a rodová rovnosť  |2 snkbucl  |9 83324 
650 0 7 |a projekty  |2 snkbucl  |9 18866 
650 0 7 |a spolupráca  |2 snkbucl  |9 20291 
651 7 |a Modra (Slovensko)  |2 snkbucl  |9 15238 
651 7 |a Pezinok (Slovensko)  |2 snkbucl  |9 15835 
655 7 |a články zo zborníkov  |2 snkbucl  |9 166140 
773 0 |t Rodová rovnosť v kohéznej a trvaloudržateľnej vedomostnej spoločnosti - Dobrá prax a výskum vrátane armády a vojenských akadémií [konaného dňa 26. mája 2008 v Bratislave]  |d Bratislava : Centrum pre výskum regiónov, 2008  |g S. 52-59  |z 9788089367016 
852 |a SNK 
954 |a odborná, vedecká literatúra pôvodná (slovenská)  |2 lita 
958 |a OND 
958 |a article12 
958 |a chapter 
958 |a SK 
999 |c 1234965  |d 1236895